00358nam a2200157Ia 4500008004100000041000800041100001700049245003400066260002800100300000900128365000700137520001200144520001500156650001000171999001900181230605s1983 xx 000 0 und d aeng aTumer Eileen aColour book of Indian Cooking bOctopus Book Ltd.c1983 a300p h10 aGeneral aHard Board aF.Pro c419679d419679